[Event "Skopje MKD"]
[Site "Skopje MKD"]
[Date "2014.04.03"]
[Round "7.44"]
[White "Arsovic, Zoran"]
[Black "Dragicevic, Drazen"]
[Result "0-1"]
[WhiteElo "2450"]
[BlackElo "2293"]
[PlyCount "70"]
[EventDate "2014.03.29"]
[EventType "swiss"]
[EventRounds "9"]

1. Nf3 Nf6 2. c4 c5 3. Nc3 d5 4. cxd5 Nxd5 5. e3 Nxc3 6. bxc3 g6 7. Bb5+ Bd7 8.
a4 Bg7 9. O-O O-O 10. d4 Qa5 11. Ba3 a6 12. Be2 Bxa4 13. Qb1 Qc7 14. Bxc5 Bc6
15. Qb3 Re8 16. Ba3 b5 17. Rfc1 Qb7 18. c4 bxc4 19. Qxb7 Bxb7 20. Rxc4 Bf6 21.
Rc7 Bd5 22. Rac1 a5 23. Bb5 Na6 24. Rd7 Nb4 25. Rc5 Be6 26. Rdc7 Rec8 27. Nd2
Rxc7 28. Rxc7 Nd5 29. Rc5 Rc8 30. Bc6 Nb4 31. Bb7 Rxc5 32. dxc5 Nc2 33. Bc1 a4
34. Be4 a3 35. c6 a2 0-1

[Event "Skopje MKD"]
[Site "Skopje MKD"]
[Date "2014.04.03"]
[Round "7.45"]
[White "Abramovic, Bosko"]
[Black "Tomazini, Zan"]
[Result "1-0"]
[WhiteElo "2437"]
[BlackElo "2286"]
[PlyCount "61"]
[EventDate "2014.03.29"]
[EventType "swiss"]
[EventRounds "9"]

1. Nf3 Nf6 2. c4 g6 3. g3 Bg7 4. Bg2 c5 5. O-O O-O 6. d4 cxd4 7. Nxd4 d5 8.
cxd5 Nxd5 9. Nc3 Nxc3 10. bxc3 Qa5 11. Be3 Qxc3 12. Rc1 Qb4 13. Rb1 Qd6 14. Nb5
Qxd1 15. Rfxd1 Bf5 16. Nc7 Nc6 17. Nxa8 Bxb1 18. Rxb1 Rxa8 19. Rxb7 Ne5 20.
Rxe7 Rd8 21. Rxa7 Nc4 22. Bc5 Rd1+ 23. Bf1 h5 24. Kg2 Rc1 25. Rd7 Ne5 26. Rd5
Ng4 27. h3 Nf6 28. Rd8+ Kh7 29. Bb4 Ne4 30. Rd3 Ra1 31. Ra3 1-0

[Event "Skopje MKD"]
[Site "Skopje MKD"]
[Date "2014.04.03"]
[Round "7.47"]
[White "Kohlweyer, Bernd"]
[Black "Bojovic, Dusan"]
[Result "1-0"]
[WhiteElo "2416"]
[BlackElo "2284"]
[PlyCount "59"]
[EventDate "2014.03.29"]
[EventType "swiss"]
[EventRounds "9"]

1. c4 Nf6 2. Nc3 g6 3. e4 d6 4. d4 Bg7 5. Be2 O-O 6. Nf3 e5 7. d5 Na6 8. Nd2
Bh6 9. Qc2 Nb4 10. Qb1 a5 11. a3 Na6 12. b4 axb4 13. axb4 Bd7 14. O-O Qe7 15.
Nb3 Bxc1 16. Nxc1 Nh5 17. Bxh5 gxh5 18. Nd3 Qg5 19. Qc1 Qg7 20. f3 Rae8 21. c5
Nb8 22. Ra7 Bc8 23. Qa3 f5 24. exf5 e4 25. Nxe4 Bxf5 26. Ndf2 dxc5 27. bxc5 Re5
28. Rxb7 Rxd5 29. Qb3 Be6 30. Rxb8 1-0

[Event "Skopje MKD"]
[Site "Skopje MKD"]
[Date "2014.04.03"]
[Round "7.48"]
[White "Peczely, Sebastian Zsombor"]
[Black "Stanojoski, Zvonko"]
[Result "0-1"]
[WhiteElo "2182"]
[BlackElo "2415"]
[PlyCount "90"]
[EventDate "2014.03.29"]
[EventType "swiss"]
[EventRounds "9"]

1. e4 c5 2. Nf3 e6 3. d4 cxd4 4. Nxd4 Nf6 5. Nc3 Bb4 6. e5 Nd5 7. a3 Bxc3+ 8.
bxc3 Qc7 9. Nb5 Qxe5+ 10. Qe2 Qxe2+ 11. Bxe2 a6 12. c4 axb5 13. cxd5 b4 14. Bb2
bxa3 15. Bxa3 Ra5 16. O-O Rxd5 17. Bf3 Ra5 18. Bb2 Rxa1 19. Rxa1 O-O 20. Ba3
Re8 21. Bd6 Nc6 22. Ra8 f6 23. c4 Kf7 24. c5 Nd4 25. Kf1 Nxf3 26. gxf3 e5 27.
Ke2 Ke6 28. Kd3 b6 29. Kc4 bxc5 30. Kxc5 g5 31. Rb8 h5 32. h3 Kf5 33. Kd5 Kf4
34. Rb3 Ba6 35. Ba3 Bf1 36. Bc1+ Kf5 37. Kd6 Rc8 38. Be3 Bxh3 39. Kxd7 Kg6+ 40.
Ke7 Rc7+ 41. Kd6 Rd7+ 42. Kc6 Rd1 43. Bc5 Bg2 44. Kc7 h4 45. Be7 Kf7 0-1

[Event "Skopje MKD"]
[Site "Skopje MKD"]
[Date "2014.04.03"]
[Round "7.49"]
[White "Karavade, Eesha"]
[Black "Papadimitriou, Athanasios"]
[Result "1/2-1/2"]
[WhiteElo "2408"]
[BlackElo "2261"]
[PlyCount "113"]
[EventDate "2014.03.29"]
[EventType "swiss"]
[EventRounds "9"]

1. d4 Nf6 2. c4 e6 3. Nc3 Bb4 4. e3 O-O 5. Bd3 d6 6. Nge2 e5 7. O-O Nc6 8. Qc2
Bxc3 9. Qxc3 a5 10. b3 Re8 11. d5 Nb4 12. Bb1 b6 13. a3 Na6 14. b4 Nb8 15. e4
Nbd7 16. Bd3 Nf8 17. f3 Bd7 18. Be3 c5 19. dxc6 Bxc6 20. Qb2 Ne6 21. Nc3 Nf4
22. Rad1 axb4 23. axb4 Nxd3 24. Rxd3 Qc7 25. Rfd1 Red8 26. Qf2 Rab8 27. Qd2 Ne8
28. c5 bxc5 29. bxc5 Bb5 30. Nxb5 Rxb5 31. cxd6 Qd7 32. Qa2 Kf8 33. Bg5 f6 34.
Be3 Qf7 35. Qa3 Rd7 36. Rc1 Qe6 37. Bc5 Kf7 38. h3 Rb8 39. Qa6 Rbd8 40. Rcd1
Rb8 41. Qc6 Rbd8 42. Ba3 Rb8 43. Rd5 Rbd8 44. Rb1 Kg8 45. Bc5 Kf7 46. Rb7 g6
47. Rd2 f5 48. Bb6 Rxb7 49. Bxd8 Rd7 50. exf5 gxf5 51. Bg5 Rxd6 52. Qb7+ Kg6
53. Rxd6 Nxd6 54. Qe7 Qxe7 55. Bxe7 Nc4 56. Kf2 f4 57. g3 1/2-1/2

[Event "Skopje MKD"]
[Site "Skopje MKD"]
[Date "2014.04.03"]
[Round "7.50"]
[White "Valsecchi, Alessio"]
[Black "Jovanovic, Bojan P"]
[Result "1/2-1/2"]
[WhiteElo "2407"]
[BlackElo "2254"]
[PlyCount "82"]
[EventDate "2014.03.29"]
[EventType "swiss"]
[EventRounds "9"]

1. c4 e5 2. g3 Nf6 3. Bg2 Nc6 4. Nc3 g6 5. e4 Bg7 6. Nge2 O-O 7. O-O d6 8. d3
Nd7 9. Be3 Nc5 10. Qd2 Ne6 11. f4 Ned4 12. Rf2 f5 13. Raf1 fxe4 14. dxe4 Bg4
15. h3 Nxe2+ 16. Nxe2 Be6 17. b3 Qd7 18. Kh2 Ne7 19. Ng1 Nc6 20. Nf3 Bf6 21.
Rd1 Qe7 22. Qd3 exf4 23. gxf4 Rae8 24. Rg1 Bf5 25. Nd2 Nb4 26. Qf1 b6 27. Re2
Nc2 28. Bf2 Bd4 29. Qc1 Bxf2 30. Rxf2 Qh4 31. Rf3 Nd4 32. exf5 Nxf3+ 33. Nxf3
Qf6 34. fxg6 hxg6 35. Qd1 Qxf4+ 36. Kh1 Rf5 37. Nh2 Kh7 38. Ng4 Qg3 39. Qd2 Rf4
40. Qd5 Rf5 41. Qd4 Re2 1/2-1/2

[Event "Skopje MKD"]
[Site "Skopje MKD"]
[Date "2014.04.03"]
[Round "7.51"]
[White "Cabrilo, Goran"]
[Black "Veleski, Robert"]
[Result "1-0"]
[WhiteElo "2406"]
[BlackElo "2248"]
[PlyCount "97"]
[EventDate "2014.03.29"]
[EventType "swiss"]
[EventRounds "9"]

1. e4 c5 2. Nf3 e6 3. d4 cxd4 4. Nxd4 a6 5. Bd3 Qc7 6. O-O Nf6 7. Qe2 d6 8. c4
b6 9. Nc3 Bb7 10. f4 Be7 11. Kh1 Nbd7 12. Bd2 Rc8 13. Rae1 Rd8 14. f5 e5 15.
Nc2 Nc5 16. Nb4 Rc8 17. Bb1 h6 18. Rc1 Qb8 19. Nbd5 Bxd5 20. exd5 Nh7 21. Rcd1
Qc7 22. Be1 Qd8 23. Bf2 Bh4 24. Bg1 Be7 25. Rf3 Qc7 26. Bc2 Nf6 27. Rg3 Kf8 28.
b4 Ncd7 29. Bb3 h5 30. Rh3 g5 31. fxg6 fxg6 32. Rg3 Kf7 33. Rf1 h4 34. Rgf3 Rh5
35. c5 bxc5 36. bxc5 Kg7 37. c6 Nf8 38. Qxa6 h3 39. gxh3 N8h7 40. Bb6 Qb8 41.
Rg3 Ng5 42. Bd1 Rxh3 43. Rxg5 Rxc3 44. Rfg1 Rh8 45. Rxg6+ Kf8 46. c7 Rxc7 47.
Bxc7 Qxc7 48. Qf1 Qd8 49. Qf5 1-0

[Event "Skopje MKD"]
[Site "Skopje MKD"]
[Date "2014.04.03"]
[Round "7.52"]
[White "Bulmaga, Irina"]
[Black "Tscharotschkin, Michael"]
[Result "1-0"]
[WhiteElo "2375"]
[BlackElo "2203"]
[PlyCount "93"]
[EventDate "2014.03.29"]
[EventType "swiss"]
[EventRounds "9"]

1. e4 e6 2. d4 d5 3. Nc3 Bb4 4. exd5 exd5 5. Bd3 Nf6 6. Nge2 c6 7. Bg5 Bd6 8.
Qd2 O-O 9. O-O h6 10. Bxf6 Qxf6 11. f4 Bf5 12. Bxf5 Qxf5 13. Ng3 Qg4 14. Qd3
Na6 15. a3 f5 16. h3 Qg6 17. Rae1 Nc7 18. Qf3 Rae8 19. Kh1 Qf6 20. Rxe8 Rxe8
21. Nce2 g6 22. c3 Re6 23. Kg1 Ne8 24. Nc1 Qe7 25. Nd3 Re3 26. Qf2 Rxd3 27. Re1
Qh4 28. Rxe8+ Kh7 29. Nf1 Qxf2+ 30. Kxf2 Rd1 31. g3 Rb1 32. b4 Kg7 33. Rd8 Be7
34. Rd7 Kf7 35. Rxb7 a5 36. Nd2 Rb2 37. Ke3 Ra2 38. bxa5 Rxa3 39. Nb3 Ke6 40.
Kd3 g5 41. Ke2 gxf4 42. gxf4 Bd6 43. Kd2 Ra4 44. Rh7 c5 45. Rxh6+ Ke7 46. Rxd6
Kxd6 47. Nxc5 1-0

[Event "Skopje MKD"]
[Site "Skopje MKD"]
[Date "2014.04.03"]
[Round "7.53"]
[White "Milutinovic, Stefana"]
[Black "Milenkovic, Mladen"]
[Result "0-1"]
[WhiteElo "2048"]
[BlackElo "2373"]
[PlyCount "71"]
[EventDate "2014.03.29"]
[EventType "swiss"]
[EventRounds "9"]

1. Nf3 Nf6 2. c4 b6 3. g3 Bb7 4. Bg2 c5 5. O-O g6 6. Nc3 Bg7 7. a3 O-O 8. Rb1
Qc8 9. d3 d5 10. cxd5 Nxd5 11. Bd2 Nd7 12. Qa4 Nxc3 13. Bxc3 Bxc3 14. bxc3 Bc6
15. Qh4 Bxf3 16. Bxf3 Rb8 17. Qxe7 Re8 18. Qh4 Qa6 19. Bc6 Rbd8 20. Qf4 Qc8 21.
Bf3 Ne5 22. a4 Qe6 23. Rb2 Nxf3+ 24. Qxf3 Qe5 25. Rc2 Rd6 26. Qb7 Re7 27. Qg2
Kg7 28. c4 f5 29. Rb1 Rde6 30. Qf3 Rf6 31. Qf4 Qe6 32. Rb5 a6 33. Rbb2 h6 34.
h4 Qc6 35. Ra2 Rd6 36. Rd2 0-1

[Event "Skopje MKD"]
[Site "Skopje MKD"]
[Date "2014.04.03"]
[Round "7.54"]
[White "Draskovic, Luka"]
[Black "Ketzetzis, Georgios"]
[Result "0-1"]
[WhiteElo "2360"]
[BlackElo "2183"]
[PlyCount "62"]
[EventDate "2014.03.29"]
[EventType "swiss"]
[EventRounds "9"]

1. e4 e6 2. d4 d5 3. Nd2 Be7 4. Ngf3 Nf6 5. Bd3 O-O 6. e5 Nfd7 7. O-O c5 8. c3
Nc6 9. Re1 Qb6 10. Nf1 cxd4 11. cxd4 f6 12. exf6 Nxf6 13. a3 Kh8 14. Bc2 Bd7
15. Rb1 Bd6 16. Ng3 Rae8 17. Be3 Ng4 18. Ng5 e5 19. dxe5 d4 20. Qd3 g6 21. exd6
dxe3 22. Qc3+ Nd4 23. fxe3 Rxe3 24. Rxe3 Nxe3 25. Bd3 Nd5 26. Qc4 Nf4 27. Kh1
Bb5 28. Qc3 Bxd3 29. Nf3 Bxb1 30. Nxd4 Nd5 31. Qe1 Qxd4 0-1

[Event "Skopje MKD"]
[Site "Skopje MKD"]
[Date "2014.04.03"]
[Round "7.55"]
[White "Vucinic, Gojko"]
[Black "Hadzi Manev, Ljubomir"]
[Result "1-0"]
[WhiteElo "2343"]
[BlackElo "2034"]
[PlyCount "51"]
[EventDate "2014.03.29"]
[EventType "swiss"]
[EventRounds "9"]

1. e4 c6 2. d4 d5 3. Nd2 dxe4 4. Nxe4 Nf6 5. Nxf6+ gxf6 6. c3 Qd5 7. c4 Qd6 8.
a3 h5 9. Be2 h4 10. h3 Bf5 11. Qb3 Qd7 12. Nf3 Na6 13. Be3 e6 14. O-O-O Rb8 15.
Bd3 Bxd3 16. Rxd3 b5 17. d5 cxd5 18. cxd5 e5 19. Nd2 f5 20. Kb1 Bg7 21. f4 e4
22. Bd4 Rh7 23. Bxg7 Nc5 24. Qb4 Rxg7 25. Qxc5 exd3 26. Re1+ 1-0

[Event "Skopje MKD"]
[Site "Skopje MKD"]
[Date "2014.04.03"]
[Round "7.56"]
[White "Blagojevic, Tijana"]
[Black "Nedev, Trajce"]
[Result "1/2-1/2"]
[WhiteElo "2028"]
[BlackElo "2504"]
[PlyCount "99"]
[EventDate "2014.03.29"]
[EventType "swiss"]
[EventRounds "9"]

1. e4 c5 2. Nf3 Nc6 3. Bb5 e6 4. Bxc6 bxc6 5. d3 Ne7 6. O-O Ng6 7. Ng5 f6 8.
Nh3 Be7 9. f4 O-O 10. Nc3 d6 11. Qh5 Nh8 12. f5 Qb6 13. Rf4 exf5 14. exf5 g6
15. Rg4 c4+ 16. d4 Qxd4+ 17. Rxd4 gxh5 18. Rxc4 c5 19. Nd5 Bd8 20. Nhf4 Bxf5
21. Nxh5 Be6 22. Nhf4 Bf7 23. Ra4 Re8 24. Ra6 Ng6 25. Rxd6 Ne5 26. b3 Kg7 27.
c4 a5 28. Bb2 a4 29. Bc3 Rb8 30. bxa4 Ra8 31. Rb1 Rxa4 32. Rb7 Rxc4 33. Bxe5
fxe5 34. Rxd8 Rxd8 35. Ne6+ Kh6 36. Nxd8 Bxd5 37. Nf7+ Bxf7 38. Rxf7 Kg6 39.
Rc7 Kf5 40. a4 Ke4 41. a5 Ke3 42. h4 Rc1+ 43. Kh2 c4 44. a6 Kd3 45. Rd7+ Ke3
46. a7 Ra1 47. Rxh7 c3 48. Rc7 c2 49. Rxc2 Rxa7 50. h5 1/2-1/2

[Event "Skopje MKD"]
[Site "Skopje MKD"]
[Date "2014.04.03"]
[Round "7.57"]
[White "Todorovic, Goran M"]
[Black "Glavinac, Goran"]
[Result "1-0"]
[WhiteElo "2476"]
[BlackElo "2164"]
[PlyCount "79"]
[EventDate "2014.03.29"]
[EventType "swiss"]
[EventRounds "9"]

1. e4 c6 2. d4 d5 3. e5 Bf5 4. h4 h5 5. c4 e6 6. Nc3 Ne7 7. Bg5 dxc4 8. Bxc4
Nd7 9. Nge2 Nb6 10. Bb3 Qd7 11. O-O Ned5 12. Ng3 Bg6 13. Nce4 Be7 14. Nc5 Qc7
15. Bc2 Bxc2 16. Qxc2 Bxg5 17. hxg5 g6 18. Rfe1 Ke7 19. Nge4 Rhb8 20. Nf6 Rd8
21. Nxb7 Kf8 22. Nxd8 Rxd8 23. Rac1 Ne7 24. Qc5 Qb7 25. Red1 Kg7 26. b3 Nbd5
27. Ne4 Nf4 28. Kh2 Rd7 29. Rc2 Rd5 30. Qc4 Rd8 31. Nd6 Qa8 32. Qc5 h4 33. Rc3
Rd7 34. Rf3 Ned5 35. Qc1 Nh5 36. Re1 Qd8 37. Kg1 h3 38. g4 Nhf4 39. Rxf4 Nxf4
40. Qxf4 1-0

[Event "Skopje MKD"]
[Site "Skopje MKD"]
[Date "2014.04.03"]
[Round "7.58"]
[White "Kralevski, Aleksander"]
[Black "Bogdanovski, Vlatko"]
[Result "0-1"]
[WhiteElo "2162"]
[BlackElo "2447"]
[PlyCount "47"]
[EventDate "2014.03.29"]
[EventType "swiss"]
[EventRounds "9"]

1. e4 c6 2. d4 d5 3. exd5 cxd5 4. Bd3 Nc6 5. c3 Nf6 6. Bf4 Bg4 7. f3 Bh5 8. Ne2
Bg6 9. Bxg6 hxg6 10. Ng3 e6 11. Qb3 Na5 12. Qb5+ Nd7 13. b4 Nc4 14. Qxb7 Bd6
15. Bxd6 Nxd6 16. Qc6 Ke7 17. Qa4 Qc7 18. Qc2 Nc4 19. Kf2 Rac8 20. h3 Qf4 21.
Nf1 Rc7 22. g3 Qh6 23. a4 Rhc8 24. a5 0-1

[Event "Skopje MKD"]
[Site "Skopje MKD"]
[Date "2014.04.03"]
[Round "7.59"]
[White "Arsovic, Goran"]
[Black "Alishani, Ibrahim"]
[Result "0-1"]
[WhiteElo "2434"]
[BlackElo "2110"]
[PlyCount "78"]
[EventDate "2014.03.29"]
[EventType "swiss"]
[EventRounds "9"]

1. d4 Nf6 2. Nf3 e6 3. c4 b6 4. a3 Bb7 5. Nc3 d5 6. Bg5 Be7 7. Bxf6 Bxf6 8.
cxd5 exd5 9. Qa4+ c6 10. g3 O-O 11. Bg2 Nd7 12. O-O Re8 13. Rfd1 h5 14. Rac1 h4
15. e3 hxg3 16. hxg3 g6 17. Rd2 Kg7 18. Qd1 Be7 19. Ne5 Bd6 20. f4 Nf8 21. Qf3
Qe7 22. Kf2 f6 23. Ng4 Bc8 24. Re2 Bf5 25. Nh2 Be4 26. Nxe4 dxe4 27. Qg4 f5 28.
Qh3 Ne6 29. Bh1 Rh8 30. Qg2 Rh7 31. Kg1 Rah8 32. Qf1 c5 33. dxc5 Nxc5 34. Rc3
Nd3 35. Qd1 Rh3 36. Rg2 Bc5 37. Qd2 a5 38. Qe2 Qe6 39. b3 Qf6 0-1

[Event "Skopje MKD"]
[Site "Skopje MKD"]
[Date "2014.04.03"]
[Round "7.60"]
[White "Dancevski, Orce"]
[Black "Percivaldi, Martin"]
[Result "0-1"]
[WhiteElo "2388"]
[BlackElo "2109"]
[PlyCount "72"]
[EventDate "2014.03.29"]
[EventType "swiss"]
[EventRounds "9"]

1. d4 Nf6 2. Nf3 c5 3. c4 e6 4. d5 exd5 5. cxd5 d6 6. Nc3 g6 7. e4 Bg7 8. Be2
O-O 9. O-O a6 10. a4 Re8 11. Nd2 Nbd7 12. f4 Rb8 13. Kh1 Nb6 14. Bf3 Bd7 15.
Re1 h5 16. a5 Nc8 17. Nc4 Bb5 18. Ne3 b6 19. Qc2 bxa5 20. Bd2 Nb6 21. Nxb5 axb5
22. Rxa5 b4 23. Rd1 Nfd7 24. e5 dxe5 25. f5 e4 26. Bxe4 Qh4 27. Bf3 Ne5 28.
fxg6 fxg6 29. Ra7 Nbc4 30. Rf1 Nxd2 31. Qxd2 Nxf3 32. Rxf3 Qd4 33. Qf2 Ra8 34.
Rxa8 Rxa8 35. Qc2 Qxe3 36. Rf1 Kh7 0-1

[Event "Skopje MKD"]
[Site "Skopje MKD"]
[Date "2014.04.03"]
[Round "7.61"]
[White "Pastar, Slaven"]
[Black "Nestorovic, Lazar"]
[Result "1-0"]
[WhiteElo "2152"]
[BlackElo "2381"]
[PlyCount "75"]
[EventDate "2014.03.29"]
[EventType "swiss"]
[EventRounds "9"]

1. e4 c5 2. Nc3 Nc6 3. f4 g6 4. Nf3 Bg7 5. Bb5 Na5 6. Be2 d6 7. O-O Nf6 8. Qe1
a6 9. a4 Nc6 10. Qh4 Bg4 11. d3 Bxf3 12. Bxf3 O-O 13. f5 Nd7 14. Bh6 e6 15. Qh3
Bxh6 16. Qxh6 Qf6 17. fxe6 fxe6 18. Bg4 Qe7 19. Qh3 Nd4 20. Ne2 Nxc2 21. Bxe6+
Kh8 22. Bxd7 Nxa1 23. Rxa1 Qf6 24. Qe3 Qxb2 25. Re1 b5 26. Nf4 Rf7 27. Be6 Rf6
28. Bd5 Raf8 29. Ne6 Re8 30. axb5 axb5 31. Ng5 Kg7 32. h4 Qe5 33. Nf3 Qg3 34.
Re2 b4 35. Ra2 Re7 36. Ra8 h6 37. Rg8+ Kh7 38. Ng5+ 1-0

[Event "Skopje MKD"]
[Site "Skopje MKD"]
[Date "2014.04.03"]
[Round "7.62"]
[White "Petkovski, Vlatko"]
[Black "Maier, Christian"]
[Result "0-1"]
[WhiteElo "2147"]
[BlackElo "2376"]
[PlyCount "88"]
[EventDate "2014.03.29"]
[EventType "swiss"]
[EventRounds "9"]

1. e4 e6 2. d4 d5 3. Nd2 c5 4. exd5 exd5 5. Ngf3 Nc6 6. Be2 Nf6 7. O-O cxd4 8.
Nb3 Be7 9. Nbxd4 O-O 10. h3 Re8 11. c3 Ne4 12. Bf4 Bc5 13. Qd3 Bb6 14. Rad1 a6
15. Qc2 Qf6 16. Qc1 Bd7 17. Rfe1 Rac8 18. Bf1 h6 19. g3 Re7 20. Be3 Bc7 21. Bg2
Rce8 22. Nh2 Ne5 23. b3 Bc8 24. c4 Ba5 25. Rf1 Nc3 26. Rd2 dxc4 27. Rc2 Nb5 28.
bxc4 Nd3 29. Qa1 Nxd4 30. Bxd4 Qg6 31. Nf3 Nf4 32. Ne5 Nxh3+ 33. Bxh3 Qxc2 34.
Bxc8 Rxc8 35. Ng4 Qg6 36. Ne3 Rce8 37. Qb2 Bc7 38. Nd5 Re2 39. Qc3 Bb8 40. a4
h5 41. Qf3 R2e4 42. Rd1 h4 43. Rd3 hxg3 44. fxg3 Rxd4 0-1

[Event "Skopje MKD"]
[Site "Skopje MKD"]
[Date "2014.04.03"]
[Round "7.63"]
[White "Codenotti, Marco"]
[Black "Kacakovski, Dimitar"]
[Result "1/2-1/2"]
[WhiteElo "2362"]
[BlackElo "2143"]
[PlyCount "44"]
[EventDate "2014.03.29"]
[EventType "swiss"]
[EventRounds "9"]

1. d4 d5 2. c4 e6 3. Nf3 c5 4. cxd5 exd5 5. Bg5 Be7 6. Bxe7 Nxe7 7. dxc5 O-O 8.
Nc3 Qa5 9. e3 Qxc5 10. Be2 Nbc6 11. O-O Rd8 12. Re1 Qb4 13. Qd2 d4 14. a3 Qb6
15. exd4 Nxd4 16. Nxd4 Rxd4 17. Qg5 Kf8 18. Bf3 Be6 19. b4 h6 20. Qe5 f6 21.
Qb5 Bc4 22. Qxb6 axb6 {....} 1/2-1/2

[Event "Skopje MKD"]
[Site "Skopje MKD"]
[Date "2014.04.03"]
[Round "7.64"]
[White "Gjorshev, Ljupcho"]
[Black "Nikolov, Sasho"]
[Result "0-1"]
[WhiteElo "2125"]
[BlackElo "2358"]
[PlyCount "82"]
[EventDate "2014.03.29"]
[EventType "swiss"]
[EventRounds "9"]

1. e4 c6 2. d3 d5 3. f4 dxe4 4. dxe4 Qxd1+ 5. Kxd1 Nf6 6. Bd3 e5 7. Nf3 Nbd7 8.
Ke2 Bd6 9. Re1 O-O 10. f5 Nc5 11. Nc3 b5 12. a3 a5 13. Bg5 Nxd3 14. cxd3 Nd7
15. Be3 Ba6 16. Rec1 Rfc8 17. a4 bxa4 18. Nxa4 Rab8 19. Nd2 Bb5 20. Nc5 Nxc5
21. Bxc5 Bc7 22. b3 Rd8 23. Rc3 Rd7 24. Ra2 g6 25. g4 Kg7 26. Ra1 Rbd8 27. Nc4
h5 28. Rg1 hxg4 29. Rxg4 Rh8 30. Rg2 Rh3 31. Bf2 a4 32. Bg3 axb3 33. fxg6 f5
34. Bxe5+ Bxe5 35. Nxe5 b2 36. Rg1 Re7 37. Nxc6 Rxe4+ 38. Kf2 Rxh2+ 39. Kf3
Rh3+ 40. Kf2 Rf4+ 41. Ke2 Rg4 0-1

[Event "Skopje MKD"]
[Site "Skopje MKD"]
[Date "2014.04.03"]
[Round "7.65"]
[White "Klasan, Vladimir"]
[Black "Stosevski, Ilja"]
[Result "1-0"]
[WhiteElo "2345"]
[BlackElo "2108"]
[PlyCount "51"]
[EventDate "2014.03.29"]
[EventType "swiss"]
[EventRounds "9"]

1. e4 g6 2. d4 Bg7 3. Nc3 b6 4. Be3 Bb7 5. Qd2 d6 6. O-O-O Nd7 7. f3 a6 8. h4
h6 9. d5 c5 10. dxc6 Bxc6 11. h5 g5 12. Nge2 b5 13. Nd4 Bb7 14. g3 Rc8 15. a3
Ne5 16. Nf5 Bf6 17. Be2 Qc7 18. Bd4 Nc4 19. Bxc4 Qxc4 20. Bxf6 Nxf6 21. Nxe7
Kxe7 22. Qxd6+ Ke8 23. Qxf6 Rg8 24. Rd6 Qc7 25. Rhd1 Bc6 26. Rxc6 1-0

[Event "Skopje MKD"]
[Site "Skopje MKD"]
[Date "2014.04.03"]
[Round "7.66"]
[White "Saracy, Nderim"]
[Black "Radovanovic, Nikola"]
[Result "1/2-1/2"]
[WhiteElo "2090"]
[BlackElo "2308"]
[PlyCount "38"]
[EventDate "2014.03.29"]
[EventType "swiss"]
[EventRounds "9"]

1. e4 c5 2. Nf3 d6 3. d4 cxd4 4. Nxd4 Nf6 5. Nc3 a6 6. f3 e5 7. Nb3 Be7 8. Be3
Be6 9. Qd2 Nbd7 10. O-O-O Rc8 11. g4 b5 12. g5 Nh5 13. Rg1 Nb6 14. Kb1 O-O 15.
Bd3 Qc7 16. Qf2 Bc4 17. Bxc4 bxc4 18. Nc1 Qb7 19. N1e2 Rb8 1/2-1/2

[Event "Skopje MKD"]
[Site "Skopje MKD"]
[Date "2014.04.03"]
[Round "7.67"]
[White "Ilic, Zoran S"]
[Black "Logallo, Claudio"]
[Result "1-0"]
[WhiteElo "2297"]
[BlackElo "2074"]
[PlyCount "79"]
[EventDate "2014.03.29"]
[EventType "swiss"]
[EventRounds "9"]

1. d4 Nf6 2. Nf3 g6 3. c4 Bg7 4. g3 d6 5. Bg2 O-O 6. O-O Nbd7 7. Nc3 e5 8. e4
a6 9. h3 b5 10. dxe5 dxe5 11. Qc2 c6 12. a3 Qe7 13. Be3 Ne8 14. Nd2 Bb7 15. Nb3
Rc8 16. c5 Nc7 17. Na5 Ba8 18. b4 Ne6 19. Rad1 f5 20. exf5 gxf5 21. Rfe1 f4 22.
Bc1 f3 23. Bf1 Qf7 24. Nb3 Nf6 25. Ne4 Nd5 26. Nd6 Qh5 27. Re4 Bf6 28. g4 Qg6
29. Bd3 Qg7 30. Nf5 Qe7 31. g5 Bg7 32. Rh4 Rf7 33. Nd6 Rd8 34. Bxh7+ Kf8 35.
Nxf7 Qxf7 36. Qf5 Ke7 37. Qxf7+ Kxf7 38. Bb1 Rg8 39. g6+ Ke7 40. Rd3 1-0

[Event "Skopje MKD"]
[Site "Skopje MKD"]
[Date "2014.04.03"]
[Round "7.68"]
[White "Piasetski, Leon David"]
[Black "Ilic, Slobodan S"]
[Result "1-0"]
[WhiteElo "2293"]
[BlackElo "2055"]
[PlyCount "55"]
[EventDate "2014.03.29"]
[EventType "swiss"]
[EventRounds "9"]

1. c4 e6 2. Nc3 d5 3. d4 Nf6 4. cxd5 exd5 5. Bg5 c6 6. e3 Be7 7. Bd3 O-O 8. Qc2
Nbd7 9. Nge2 Re8 10. f3 Nf8 11. Bh4 a5 12. O-O Ng6 13. Bf2 Be6 14. Rad1 Bd6 15.
Kh1 Rc8 16. Bg1 Qe7 17. e4 dxe4 18. fxe4 Bb8 19. a3 Ng4 20. e5 Rcd8 21. Nf4 Nf8
22. Nxe6 fxe6 23. Ne4 Nh6 24. Be3 Nf7 25. Rf3 Qd7 26. Rdf1 Nh8 27. Nc5 Qe7 28.
Rxf8+ 1-0

[Event "Skopje MKD"]
[Site "Skopje MKD"]
[Date "2014.04.03"]
[Round "7.69"]
[White "Orehek, Spela"]
[Black "Zupe, Miran"]
[Result "1/2-1/2"]
[WhiteElo "2018"]
[BlackElo "2278"]
[PlyCount "28"]
[EventDate "2014.03.29"]
[EventType "swiss"]
[EventRounds "9"]

1. e4 c6 2. d4 d5 3. Nc3 dxe4 4. Nxe4 Bf5 5. Ng3 Bg6 6. h4 h6 7. Nf3 Nd7 8. h5
Bh7 9. Bd3 Bxd3 10. Qxd3 e6 11. Bd2 Qc7 12. O-O-O Ngf6 13. Qe2 O-O-O 14. Ne5
Nb6 1/2-1/2

[Event "Skopje MKD"]
[Site "Skopje MKD"]
[Date "2014.04.03"]
[Round "7.70"]
[White "Vatter, Hans Joachim"]
[Black "Lazov, Toni"]
[Result "1-0"]
[WhiteElo "2275"]
[BlackElo "1965"]
[PlyCount "84"]
[EventDate "2014.03.29"]
[EventType "swiss"]
[EventRounds "9"]

1. c4 Nf6 2. Nc3 d5 3. cxd5 Nxd5 4. g3 g6 5. Bg2 Nb6 6. Nf3 Bg7 7. O-O O-O 8.
d3 e5 9. Bg5 f6 10. Be3 Nc6 11. Na4 f5 12. Nc5 f4 13. Bd2 g5 14. Qb3+ Kh8 15.
Ne6 Bxe6 16. Qxe6 h6 17. Bc3 Re8 18. Qg4 Na4 19. Nd2 Rb8 20. Rac1 Nd4 21. Be4
Qc8 22. Qh5 c5 23. e3 Ne6 24. Nf3 Nxc3 25. Rxc3 Qd7 26. Bf5 Kg8 27. Rxc5 Qd6
28. Rc2 fxe3 29. fxe3 Qb6 30. Re2 Nf8 31. Be4 Rbd8 32. Bd5+ Rxd5 33. Qxe8 Rxd3
34. Nxe5 Rxe3 35. Rxf8+ Kh7 36. Rxe3 Qxe3+ 37. Kg2 Qe4+ 38. Nf3 Qc2+ 39. Kh3
Bxf8 40. Qxf8 Qxb2 41. Qf7+ Kh8 42. Kg4 a5 1-0

[Event "Skopje MKD"]
[Site "Skopje MKD"]
[Date "2014.04.03"]
[Round "7.71"]
[White "Ilic, Slobodan R"]
[Black "Maisuradze, Nino"]
[Result "0-1"]
[WhiteElo "2012"]
[BlackElo "2274"]
[PlyCount "88"]
[EventDate "2014.03.29"]
[EventType "swiss"]
[EventRounds "9"]

1. Nf3 d5 2. g3 Nf6 3. Bg2 Bg4 4. Ne5 Bf5 5. c4 c6 6. O-O e6 7. d4 Nbd7 8. Bg5
h6 9. Nxd7 hxg5 10. Nxf8 Kxf8 11. Nd2 g6 12. cxd5 exd5 13. Qb3 Qe7 14. Qa3 Qxa3
15. bxa3 g4 16. Rfe1 Re8 17. Rac1 Ke7 18. a4 Kd6 19. a5 b6 20. Nb3 Rh5 21. Nd2
c5 22. axb6 axb6 23. e3 Reh8 24. dxc5+ bxc5 25. e4 Bxe4 26. Nxe4+ dxe4 27. Bxe4
Nxe4 28. Rxe4 Rxh2 29. Rd1+ Kc6 30. Kf1 Rh1+ 31. Ke2 Rxd1 32. Kxd1 Ra8 33. Re2
c4 34. Kc1 Kc5 35. Kb2 Ra6 36. Re4 f5 37. Re3 Kd4 38. a3 g5 39. Re2 c3+ 40. Kb3
Rb6+ 41. Kc2 Rb2+ 42. Kd1 Rxe2 43. Kxe2 Kc4 44. a4 Kb3 0-1

[Event "Skopje MKD"]
[Site "Skopje MKD"]
[Date "2014.04.03"]
[Round "7.72"]
[White "Cretnik, Urban"]
[Black "Kokol, Peter"]
[Result "1/2-1/2"]
[WhiteElo "1959"]
[BlackElo "2271"]
[PlyCount "24"]
[EventDate "2014.03.29"]
[EventType "swiss"]
[EventRounds "9"]

1. e4 d6 2. d4 Nf6 3. Nc3 e5 4. Nf3 Nbd7 5. Bc4 Be7 6. O-O O-O 7. a4 c6 8. dxe5
dxe5 9. Qe2 Qc7 10. Be3 Nc5 11. Nd2 Ne6 12. Nb3 b6 1/2-1/2